| 000 | 01055nam a22003017a 4500 | ||
|---|---|---|---|
| 003 | CHAP | ||
| 005 | 20220329134920.0 | ||
| 008 | 971013s1976 r 00010 d | ||
| 010 | _a28024 | ||
| 011 | _a28996 | ||
| 035 | _a33107 | ||
| 040 | _cCHAP | ||
| 090 | _aTesis | ||
| 100 | 0 | 0 |
_aMacedo Díaz, José Jorge. _969370 |
| 245 | _aContribución al estudio sobre las modificaciones en el período de incubación por acción de un glucocorticoide sintético o de un antihistamínico en rabia | ||
| 260 |
_aMéxico, D.F. : _bEl autor, _c1976 |
||
| 300 |
_a31 h. _b; gráfs |
||
| 502 | _aTesis (Médico Veterinario Zootecnista) -- UNAM. Fac. de Medicina Veterinaria y Zootecnia | ||
| 590 |
_aALEPH _b10 _c20130110 _lUCH01 _h1249 |
||
| 590 |
_aBATCH-UPD _b10 _c20130110 _lUCH01 _h2114 |
||
| 590 |
_aBATCH-UPD _b10 _c20130410 _lUCH01 _h1424 |
||
| 590 |
_aBATCH-UPD _b10 _c20130914 _lUCH01 _h1951 |
||
| 590 |
_aCONVERSION _b10 _c20130109 _lUCH01 _h1316 |
||
| 650 | 1 | 4 |
_aRabia. _993630 |
| 901 | _aBK | ||
| 942 | _cTESIS | ||
| 949 |
_bBC _cTES _d-76973 _eTS1 _i33107 _si |
||
| 999 |
_c28024 _d28024 |
||